000 00814cam a2200229 a 4500
001 000013243
003 OSt
005 20210112123914.0
008 940301s1950 sp 000 0 spa
040 _aDO-SdBNP
_bspa
_cLC
_dBNPHU
049 _aBNGR
082 _a336.24
_bU84r
100 1 _aUsera, Gabriel de.
_930413
245 1 0 _aRegimen fiscal de los beneficios de empresas y participes /
_cGabriel de Usera ; introducción Manuel de Torres.
260 _aMadrid :
_bAguilar,
_c1950.
300 _axxxv, 406 p. ;
_c22 cm.
490 1 _aBiblioteca de Ciencias Económicas, Políticas y Sociales
650 4 _aImpuestos sobre la renta
_xLegislación
_zEspaña
_930414
830 0 _aBiblioteca de Ciencias Económicas, Políticas y Sociales
_930415
910 _aCatalogación por copia / LC
942 _2ddc
_cLBS1
999 _c12875
_d12875